1614 1891 1169 1092 1853 1993 1601 1269 1091 1746 1649 1453 1047 1899 1131 1259 1102 1833 1320 1069 1343 1022 1357 1594 1692 1310 1017 1846 1236 1497 1009 1112 1907 1383 1871 1400 1514 1158 1714 1320 1091 1746 1393 1174 1336 1996 1428 1458 1054 1561 1293 1138 1383 1679 1048 1502 1628 1249 1840 1650 1095 1523 1754 1858 1822 1733 1380 1922 1167 1859 1599 1356 1608 1247 1029 1624 1542 1648 1126 1103 1925 1063 1708 1066 1586 1091 1285 1410 1054 1341 1554 1208 1110 1391 1361 1186 1331 1589 1234 BCNSPRNW ULIB Ver.6.0+V

เปลี่ยนเป็นภาษาไทย

Change to English
 แสดงรายละเอียดบรรณานุกรม
  กลับหน้าหลัก

Brief Record : Get Marc (ISO 2709) : E-mail record : QR code < ปิดหน้าต่าง
LEADER : 00000nam 2200000uu 4500
001    13399113802
003     ULIB
008    020711s2550 th a 000 0 tha d
020    ^a9789749557754
090    ^aนว.^bส984ฟ
100    ^aโสภาค สุวรรณ
245    ^aฟ้าจรดทราย/^cโสภาค สุวรรณ
260    ^aกรุงเทพฯ :^bรวมสาส์น,^c2550
300    ^a576 หน้า
945    ^p350^l0^i022007
999 ^a ทศพร
รายการนี้ยังไม่มีแท็ก
คุณยังไม่ได้ล็อกอิน คุณสามารถมีกิจกรรมร่วมกับเว็บไซต์ได้ แต่ต้องล็อกอินก่อน ::
  ล็อกอิน

รายการสื่อสารสนเทศ

ลำดับที่ ประเภท เลขเรียก/บาร์โค้ด สถานที่ สถานะ
1. นวนิยาย
นวนิยาย
นว. ส984ฟ ฉ.1 
  Barcode: 022007
ห้องสมุดวิทยาเขตสวรรค์ประชารักษ์
►นวนิยาย
บนชั้น
  ขอยืม

รายการใกล้เคียง
    ผู้แต่ง [โสภาค สุวรรณ]

BibComment


ยังไม่เคยถูกคอมเมนท์

คอมเมนท์ทรัพยากรรายการนี้
  คอมเมนท์: ฟ้าจรดทราย โสภาค..


 Copyright 2026. Bcnsprnw @Library